[Event "HCL-E1573"]
[Site "www.playchess.de"]
[Date "2006.03.05"]
[Round "3"]
[White "yannick"]
[Black "alldrix"]
[WhiteElo "1532"]
[BlackElo "1635"]
[PlyCount "122"]
[Result "0-1"]

1.e4 {hi,enjoy this game}  e6 2.d4 d5 3.Nc3 Nf6 
4.e5 Nfd7 5.f4 c5 6.Nf3 Nc6 7.Be3 cxd4 8.Nxd4 Nxd4 
9.Bxd4 Bb4 10.Qg4 O-O 11.O-O-O Nb6 12.Bd3 Bd7 
13.Qh5 g6 14.Qh6 Re8 15.g4 Bf8 16.Qg5 Qxg5 17.fxg5 
Rac8 18.Rhf1 Na4 19.Nxa4 Bxa4 20.Bxa7 Rca8 21.Bd4 
Rec8 22.b3 Ba3+ 23.Kb1 Bd7 24.Rd2 b5 25.Rdf2 Rcf8 
26.Bc5 Bxc5 27.R2f3 Bd4 28.Re1 b4 29.h4 Ra7 30.Rf4 
Bc3 31.Rd1 Bxe5 32.Rxb4 Rfa8 33.a4 Rb8 34.Rxb8+ 
Bxb8 35.c4 Rb7 36.Kc2 dxc4 37.Bxc4 Bg3 38.h5 gxh5 
39.gxh5 Kf8 40.Kc3 Bf4 41.Rg1 Rc7 42.Kd4 e5+ 
43.Kd3 Bf5+ 44.Kc3 Kg7 45.Kb4 Be6 46.Bxe6 fxe6 
47.Rg2 e4 48.Re2 e3 49.Rg2 Rd7 50.g6 hxg6 51.Rxg6+ 
Kf7 52.Rg4 e5 53.Rg2 Rd2 54.Rg1 e2 55.h6 Bxh6 
56.Re1 e4 57.Kc3 e3 58.a5 Bf4 59.a6 Bg3 60.Rxe2 
Rxe2 61.Kd3 Ra2 0-1

[Event "HCL-B3934"]
[Site "www.playchess.de"]
[Date "2006.03.05"]
[Round "5"]
[White "larese"]
[Black "chn"]
[WhiteElo "800"]
[BlackElo "1200"]
[PlyCount "66"]
[Result "0-1"]

1.d4 d5 2.c4 e6 3.Nf3 Qf6 4.Bg5 Bb4+ 5.Nc3 Bxc3+ 
6.bxc3 Qg6 7.cxd5 f6 8.Bf4 exd5 9.Bxc7 Nc6 10.Bg3 
Qf7 11.e3 a6 12.Bd3 f5 13.Be5 Qe7 14.Bf4 Qa3 
15.Qc2 h6 16.O-O b5 17.Ne5 Nge7 18.Rfe1 Rb8 19.f3 
Nxe5 20.Bxe5 Rb7 21.Bxg7 Rh7 22.Be5 Rf7 23.e4 dxe4 
24.fxe4 f4 25.Ref1 Ng6 26.Qd2 Nxe5 27.dxe5 Qc5+ 
28.Kh1 Qxe5 29.Rad1 Rbd7 30.Rf3 Bb7 31.Qe1 Bxe4 
32.Re3 fxe3 33.Qxe3 Bxg2+ 0-1

[Event "HCL-M859"]
[Site "www.playchess.de"]
[Date "2006.03.05"]
[Round "1"]
[White "dorge"]
[Black "UVI"]
[WhiteElo "1979"]
[BlackElo "1985"]
[PlyCount "110"]
[Result "0-1"]

1.d4 {hi again and good luck}  d5 {Hello! I'm very 
glad to see You. Good luck}  2.Bf4 Nf6 3.e3 e6 
4.Nf3 Bd6 5.Ne5 O-O 6.Bd3 c5 7.dxc5 Bxc5 8.Nc3 Bb4 
9.O-O Bxc3 10.bxc3 Ne4 11.Bxe4 dxe4 12.Qxd8 Rxd8 
13.Rad1 Rf8 14.Nc4 Nc6 15.Bc7 b6 16.Nd6 Ba6 
17.Rfe1 f5 18.Rd2 Na5 19.Red1 Nc4 20.Nxc4 Bxc4 
21.Be5 Bb5 22.R2d4 Rfc8 23.c4 Be8 24.c3 Kf7 25.h4 
Rc5 26.Bd6 Ra5 27.R1d2 Rc8 28.Bb4 Ra4 29.Rb2 Kf6 
30.g4 h6 31.Kh2 Bf7 32.c5 b5 {Happy New Year!}  
33.c4 {and to you to}  a5 34.cxb5 axb4 35.c6 Rc7 
36.Rdxb4 Ra8 37.a4 Be8 38.Kg3 g5 39.Rc2 gxh4+ 
40.Kxh4 fxg4 41.Kxg4 e5 42.Rcc4 Rd8 43.Rc1 Bd7+ 
44.Kh4 Rg8 45.Rxe4 Bf5 46.Rb4 Rcg7 47.c7 R7g2 
48.Rh1 Be6 49.c8B Bxc8 50.f3 R8g5 51.Rc4 Bd7 
52.Rcc1 Kg6 53.Rc6+ Bxc6 54.Kh3 Bxf3 55.e4 {oh hum 
:)) well done}  Rh5+ {Good luck later} 
 0-1

[Event "HCL-C4071"]
[Site "www.playchess.de"]
[Date "2006.03.05"]
[Round "4"]
[White "Idris"]
[Black "Gordon"]
[WhiteElo "878"]
[BlackElo "961"]
[PlyCount "107"]
[Result "1-0"]

1.e4 c5 2.f3 Nf6 3.Nc3 g6 4.d3 Bg7 5.Be3 d6 6.Qd2 
O-O 7.g4 e5 8.Bg2 Nc6 9.Nge2 Na5 10.g5 Nh5 
11.O-O-O Qb6 12.Nd5 Qb5 13.Nc7 Qa4 14.Nc3 Nc4 
15.Nxa4 Nxd2 16.Nxa8 Be6 17.Bxd2 Rxa8 18.Kb1 b5 
19.Nc3 Nf4 20.Bxf4 exf4 21.Nxb5 Rb8 22.a4 a6 23.h4 
axb5 24.axb5 Rxb5 25.c4 Rxb2+ 26.Kc1 Bd7 27.h5 Ba4 
28.Rd2 Rb3 29.h6 Bc3 30.Ra2 Rb4 31.Rxa4 Rxa4 
32.Kc2 Ba5 33.Kb3 Rb4+ 34.Ka3 Rb8 35.Bh3 Bd8 
36.Rd1 Bxg5 37.Rg1 Bxh6 38.Ka2 Bg7 39.Rg5 h6 
40.Rd5 Bf8 41.e5 dxe5 42.Rxe5 Rd8 43.Bf1 Kg7 
44.Re4 g5 45.Kb3 Kg6 46.d4 Kf5 47.Bd3 h5 48.Re8+ 
Kf6 49.Rxd8 Be7 50.Rc8 h4 51.dxc5 h3 52.Rh8 g4 
53.fxg4 Bxc5 54.Rxh3 1-0

[Event "HCL-B3854"]
[Site "www.playchess.de"]
[Date "2006.03.05"]
[Round "6"]
[White "Mongol"]
[Black "cocohubert"]
[WhiteElo "1385"]
[BlackElo "1326"]
[PlyCount "64"]
[Result "0-1"]

1.e4 c5 2.Nf3 d6 3.d4 cxd4 4.Nxd4 g6 5.c3 Bg7 
6.Be2 Nf6 7.Bg5 O-O 8.Nd2 a6 9.Nc4 Nxe4 10.Nf3 
Nxg5 11.Nxg5 Nc6 12.Bd3 b5 13.Ne3 e6 14.Qb3 Qxg5 
15.O-O-O d5 16.g3 Bb7 17.f4 Qd8 18.h4 f5 19.h5 Kf7 
20.hxg6+ hxg6 21.g4 Na5 22.Qc2 d4 23.gxf5 Bxh1 
24.fxg6+ Ke7 25.Ng4 Bd5 26.Re1 dxc3 27.bxc3 Rc8 
28.Kb1 Rxc3 29.Qf2 Bxa2+ {hi mongol
}  30.Kxa2 {Hi cocohubert!}  Qd5+ {you are a well 
challenger, you could win the next matches, in 
this case the end in near......}  31.Kb2 {May be.} 
 Qb3+ 32.Ka1 Rc1+ {see you soon, thanks} 
 0-1

[Event "HCL-M889"]
[Site "www.playchess.de"]
[Date "2006.03.05"]
[Round "2"]
[White "AJT"]
[Black "raichu"]
[WhiteElo "1945"]
[BlackElo "1656"]
[PlyCount "57"]
[Result "1/2-1/2"]

1.d4 {Best of luck}  d5 2.Nf3 Nf6 3.c4 e6 4.Nc3 
Be7 5.Bg5 Nbd7 6.e3 O-O 7.cxd5 Nxd5 8.Bxe7 Nxc3 
9.Bxd8 Nxd1 10.Bxc7 Nxb2 11.a4 Nb6 12.Bxb6 axb6 
13.Bb5 Rd8 14.O-O Bd7 15.Ne5 Bxb5 16.axb5 f6 
17.Rxa8 Rxa8 18.Nd7 {(offering draw)}  Nc4 19.Rc1 
Rc8 20.e4 Kf7 21.f3 Ke7 22.Nc5 Na3 23.Nd3 
{(offering draw)}  Rxc1+ 24.Nxc1 Nxb5 25.Nb3 g6 
26.Kf2 f5 27.Ke3 h6 28.Kd3 f4 29.Kc4 {(offering 
draw)}  1/2-1/2

[Event "HCL-A2581"]
[Site "www.playchess.de"]
[Date "2006.03.05"]
[Round "19"]
[White "wbaldan"]
[Black "kan_selv"]
[WhiteElo "1344"]
[BlackElo "2115"]
[PlyCount "107"]
[Result "1-0"]

1.e4 c5 2.Nf3 Nc6 3.d4 cxd4 4.Nxd4 Nf6 5.Nc3 e5 
6.Ndb5 d6 7.Bg5 a6 8.Na3 Be7 9.Nc4 O-O 10.Bxf6 
Bxf6 11.Qxd6 Be7 12.Qxd8 Rxd8 13.Nd5 Bc5 14.Ncb6 
Bxb6 15.Nxb6 Nb4 16.Rc1 Nxa2 17.Rb1 Ra7 18.c3 Be6 
19.Ra1 Rd6 20.Nd5 Bxd5 21.exd5 Nxc3 22.bxc3 Rxd5 
23.Rd1 Rxd1+ 24.Kxd1 b5 25.Kc2 Rc7 26.Kb3 Rb7 
27.Be2 Kf8 28.Rd1 Rb6 29.Kb4 e4 30.Kc5 Rf6 31.f3 
Rg6 32.Rg1 Rg5+ 33.Kd4 Rh5 34.h3 exf3 35.Bxf3 Rh4+ 
36.Kd3 Ra4 37.Rb1 Ke7 38.Bd5 f6 39.Rb2 Kd6 40.Bg8 
h6 41.Ra2 Rxa2 42.Bxa2 a5 43.Kd4 a4 44.Bd5 f5 
45.c4 bxc4 46.Bxc4 g5 47.Bd5 g4 48.hxg4 fxg4 
49.Bf7 Ke7 50.Bh5 g3 51.Kc3 Kf6 52.Bg4 Ke5 53.Kb4 
Kf4 54.Bh3 1-0

[Event "HCL-A2630"]
[Site "www.playchess.de"]
[Date "2006.03.05"]
[Round "6"]
[White "hal1958"]
[Black "oyetola"]
[WhiteElo "1399"]
[BlackElo "1452"]
[PlyCount "73"]
[Result "1-0"]

1.b4 {have a nice game}  c5 2.bxc5 e5 3.Bb2 Qe7 
4.e3 Nc6 5.Nf3 Qxc5 6.Be2 Qb6 7.Bxe5 Nxe5 8.Nxe5 
Qb2 9.Nc3 f6 10.Rb1 Qa3 11.Nc4 Qe7 12.O-O d6 13.h3 
b6 14.Bf3 Bb7 15.Nxd6+ Qxd6 16.Bxb7 Rb8 17.Bf3 g6 
18.Nb5 Qe5 19.Nxa7 Bd6 20.g3 Nh6 21.Nc6 Qg5 
22.Nxb8 Nf5 23.Bc6+ Ke7 24.Qg4 Rxb8 25.Qxg5 fxg5 
26.Rb5 h5 27.a4 g4 28.hxg4 hxg4 29.Kg2 Kf6 30.Rfb1 
Bc5 31.c3 Nd6 32.Rxc5 bxc5 33.Rxb8 Nc4 34.d4 cxd4 
35.cxd4 Na5 36.Bd7 Nc4 37.Bxg4 1-0

[Event "HCL-A2505"]
[Site "www.playchess.de"]
[Date "2006.03.05"]
[Round "36"]
[White "Marius_sah"]
[Black "Genesio"]
[WhiteElo "1406"]
[BlackElo "1065"]
[PlyCount "53"]
[Result "1-0"]

1.e4 {Hi. Good luck!}  c5 {to you...}  2.Nf3 Nc6 
3.d4 cxd4 4.Nxd4 e5 5.Nb5 Bb4+ 6.c3 Ba5 7.Nd6+ Kf8 
8.Bc4 Qf6 9.Nxf7 Bb6 10.O-O Nge7 11.Nxh8 d6 12.Nf7 
Be6 13.Bxe6 Qxe6 14.Nxd6 Rd8 15.Qf3+ Qf6 16.Qxf6+ 
gxf6 17.Bh6+ Kg8 18.Nc4 Bc7 19.Nbd2 b5 20.Na3 Rxd2 
21.Bxd2 Ng6 22.Nxb5 Bb6 23.g3 a6 24.Nd6 Bc5 25.Nf5 
Nce7 26.Nxe7+ Nxe7 27.Be3 1-0

[Event "ACL-E216"]
[Site "www.playchess.de"]
[Date "2006.03.05"]
[Round "10"]
[White "Southbourne_Chess"]
[Black "marietto"]
[WhiteElo "1913"]
[BlackElo "1715"]
[PlyCount "38"]
[Result "0-1"]

1.f4 {Hi, good luck.}  Nf6 {hi, good game}  2.Nf3 
g6 3.g3 Bg7 4.d3 d5 5.Bg2 O-O 6.O-O Qd6 7.c3 Rd8 
8.Na3 a6 9.Nc2 c5 10.Ne5 Nc6 11.Nxc6 Qxc6 12.Ne3 
b5 13.f5 Bb7 14.fxg6 fxg6 15.Nc2 Rdf8 16.Bg5 h6 
17.Bf4 Nh5 18.Be3 Rxf1+ 19.Qxf1 
Rf8 0-1

[Event "ACL-M085"]
[Site "www.playchess.de"]
[Date "2006.03.05"]
[Round "8"]
[White "Southbourne_Chess"]
[Black "tihi"]
[WhiteElo "1927"]
[BlackElo "1942"]
[PlyCount "54"]
[Result "0-1"]

1.Nf3 {Hi Tihi}  d5 {Hallo!}  2.g3 {Hi}  Nf6 3.Bg2 
e6 4.d4 Be7 5.O-O O-O {Merry Christhmas!}  6.c4 
{Happy New Year!}  c6 {Same to you!}  7.Qc2 Nbd7 
8.b3 Ne4 9.Ba3 Bxa3 10.Nxa3 f5 11.Rac1 Qe7 12.Nb1 
a5 13.a4 Rb8 14.Rfd1 b6 15.Nc3 Ba6 16.e3 Rbc8 
17.Ne1 Nd6 18.cxd5 cxd5 19.Qb2 Ne4 20.Nd3 Nxc3 
21.Rxc3 Rxc3 22.Qxc3 Rc8 23.Qd2 Bxd3 24.Qxd3 Qb4 
25.Bf1 Rc3 26.Qa6 Qxb3 27.Re1 Qb4 0-1

[Event "HCL-C4161"]
[Site "www.playchess.de"]
[Date "2006.03.05"]
[Round "2"]
[White "JMD"]
[Black "Skipper_Robert"]
[WhiteElo "1323"]
[BlackElo "991"]
[PlyCount "61"]
[Result "1-0"]

1.d4 {hello again with pleasure}  d5 2.e4 dxe4 
3.Nc3 Nf6 4.f3 exf3 5.Nxf3 h6 6.h3 a6 7.Be3 e6 
8.a3 Bd6 9.Qd2 Bd7 10.O-O-O Qe7 11.Nb1 Ne4 12.Qe1 
c6 13.Ne5 Bxe5 14.dxe5 f6 15.exf6 Nxf6 16.Bb6 O-O 
17.Bc4 c5 18.Qe3 Rc8 19.Rhe1 Rc6 20.Qb3 Bc8 21.Nc3 
Nbd7 22.Bxe6+ Rxe6 23.Rxe6 Qf7 24.Rde1 Qg6 
25.Rxf6+ Kh7 26.Rxg6 Kxg6 27.Qe6+ Kh7 28.Qf5+ g6 
29.Qf7+ Kh8 30.Re8+ Nf8 31.Rxf8+ 1-0

[Event "HCL-C4108"]
[Site "www.playchess.de"]
[Date "2006.03.05"]
[Round "3"]
[White "Skipper_Robert"]
[Black "Idris"]
[WhiteElo "982"]
[BlackElo "844"]
[PlyCount "66"]
[Result "0-1"]

1.d4 d5 2.Nc3 Nc6 3.e3 e6 4.a3 Bd7 5.Bd3 Bd6 6.Nf3 
Nf6 7.h3 Qe7 8.Qe2 O-O-O 9.O-O e5 10.b4 exd4 
11.exd4 Be6 12.Bb5 Bd7 13.Be3 h5 14.Rab1 Ne4 
15.Na4 h4 16.c4 dxc4 17.Qxc4 f5 18.d5 Ne5 19.Rbc1 
Nxf3+ 20.gxf3 Qe5 21.Rfe1 f4 22.Bxf4 Qxf4 23.Qxe4 
Qh2+ 24.Kf1 Bxb5+ 25.Rc4 Bxa4 26.Qg4+ Bd7 27.Qxg7 
Qxh3+ 28.Ke2 Rde8+ 29.Kd2 Bb5 30.Rc2 Bf4+ 31.Kd1 
Qxf3+ 32.Ree2 Bxe2+ 33.Ke1 Bd3+ 0-1

[Event "HCL-B3774"]
[Site "www.playchess.de"]
[Date "2006.03.05"]
[Round "6"]
[White "JMD"]
[Black "Wilmy"]
[WhiteElo "1377"]
[BlackElo "1217"]
[PlyCount "56"]
[Result "1/2-1/2"]

1.d4 {hello from Paris}  d5 {Hello from Berlin and 
good luck with our game.}  2.e4 {thanks}  dxe4 
{welcome!}  3.Nc3 Nc6 4.Nxe4 Nxd4 5.c3 Nc6 6.Bd2 
e5 7.Bb5 Qd5 8.Qa4 f5 9.Ng3 Qxg2 10.Bf1 Qd5 11.f3 
Bd7 12.c4 Qe6 13.b4 Nd4 14.b5 a6 15.Bh3 Bc5 16.Ne4 
Qb6 17.Nxc5 Qxc5 18.Bb4 Qxc4 19.Bf1 Qxb4+ 20.Qxb4 
Nc2+ 21.Kf2 Nxb4 22.bxa6 Nxa6 23.Re1 Be6 24.Rxe5 
Kf7 25.Ne2 Nb4 26.Nf4 Rxa2+ 27.Kg3 Bd7 28.Bc4+ Kf6 
{(offering draw)}  1/2-1/2

[Event "HCL-T264"]
[Site "www.playchess.de"]
[Date "2006.03.05"]
[Round "14"]
[White "Mosselman"]
[Black "golddim"]
[WhiteElo "1376"]
[BlackElo "1433"]
[PlyCount "61"]
[Result "1-0"]

1.e4 e5 2.Nf3 Nc6 3.Bb5 a6 {Hey! Nice to meet 
you!}  4.Ba4 {good to see you again...}  Nf6 {Have 
a good game}  5.O-O Be7 6.Re1 b5 7.Bb3 d6 8.h3 O-O 
9.c3 Na5 10.Bc2 c5 11.d4 cxd4 12.cxd4 Bb7 13.b3 
Qb6 14.Bb2 Rfe8 15.dxe5 dxe5 16.Nxe5 Bc5 17.Nd3 
Rad8 18.Qf3 Nxe4 19.Nxc5 Nxc5 20.Rxe8+ Rxe8 21.Qc3 
Ne6 22.Nd2 Qc6 23.f3 Qxc3 24.Bxc3 Nc6 25.Re1 g6 
26.Ne4 Rc8 27.Nd6 Rc7 28.Be4 Nc5 29.Nxb7 Nxe4 
30.Rxe4 f5 31.Re8+ {i think it's over, or am i 
wrong?}  1-0

[Event "HCL-B3867"]
[Site "www.playchess.de"]
[Date "2006.03.05"]
[Round "1"]
[White "Casparov"]
[Black "garden"]
[WhiteElo "1200"]
[BlackElo "1164"]
[PlyCount "51"]
[Result "1-0"]

1.e4 e5 2.Nf3 d6 {nick interessante esse teu!}  
3.d4 Bg4 4.dxe5 Bxf3 5.Qxf3 dxe5 6.Bc4 Qf6 7.Qb3 
Bc5 8.O-O {Oi!}  Nh6 9.Qxb7 Qc6 10.Bb5 {De q 
cidade jogas?}  Qxb5 {sao paulo, e vc?}  11.Qxb5+ 
{Recife, mas hoje estou no Rio, ate sexta.}  Nd7 
12.Bxh6 gxh6 13.Nc3 Rb8 14.Qc6 Bd6 15.Nd5 Rc8 
16.Nf6+ Ke7 17.Nxd7 Rhd8 18.Nc5 Kf6 19.Nb7 Rdg8 
20.Nxd6 cxd6 21.Qxd6+ Kg7 22.Qxe5+ Kf8 23.Rad1 Re8 
24.Qf5 Rg6 25.Rd7 Kg7 26.Qxf7+ 1-0

[Event "HCL-A2548"]
[Site "www.playchess.de"]
[Date "2006.03.05"]
[Round "6"]
[White "organic"]
[Black "Wernswig"]
[WhiteElo "1326"]
[BlackElo "1423"]
[PlyCount "86"]
[Result "0-1"]

1.e4 {Hello! Viel Erfolg!}  e5 {Hallo, danke 
wünsch ich auch}  2.Nf3 Nf6 3.Nxe5 Qe7 4.Nf3 Nxe4 
5.Be2 Qd8 6.d3 Nf6 7.Bg5 Be7 8.O-O O-O {frohes 
neues jahr!}  9.Nc3 {Vielen Dank! Das wünsche ich 
Ihnen auch!}  d5 10.Nd4 c5 11.Nb3 b6 12.Bf3 Bb7 
13.Qd2 Nbd7 14.Qf4 h6 15.Bxf6 Nxf6 16.Rfe1 Bd6 
17.Qf5 Rb8 18.Kh1 d4 19.Bxb7 dxc3 20.Bf3 cxb2 
21.Rab1 Qd7 22.Qxd7 Nxd7 23.Rxb2 Rfe8 24.Rxe8+ 
Rxe8 25.g3 Re1+ 26.Kg2 Be5 27.c3 Bxc3 28.Rc2 Be5 
29.Rd2 a5 30.Re2 Rxe2 31.Bxe2 a4 32.Nd2 Bc3 33.Ne4 
Bd4 34.Nd6 {(offering draw)}  Kf8 35.Nf5 Bc3 
36.Kf3 b5 37.Ke3 b4 38.d4 b3 39.a3 Bb4 40.Bd3 Bxa3 
41.dxc5 Nxc5 42.Bb1 Bb2 43.Nd6 
a3 0-1

[Event "HCL-C4168"]
[Site "www.playchess.de"]
[Date "2006.03.05"]
[Round "6"]
[White "nichju"]
[Black "rwdiamond"]
[WhiteElo "1037"]
[BlackElo "1243"]
[PlyCount "116"]
[Result "0-1"]

1.e4 {Greetings from Germany and good luck}  e5 
{Hello from Colorado, USA}  2.Nf3 d6 3.Bc4 Nd7 
4.O-O g6 5.d4 Bg7 6.Bg5 Bf6 7.Qd2 Bxg5 8.Nxg5 Nh6 
9.dxe5 O-O 10.exd6 cxd6 11.Nc3 Ne5 12.Qf4 Nxc4 
13.Nd5 Kg7 14.e5 dxe5 15.Qxc4 Qxg5 16.Qc7 Bh3 
17.Ne3 Nf5 18.Qxe5+ Kg8 19.f4 Rae8 20.Qxe8 Nxe3 
21.fxg5 Rxe8 22.Rf3 Bxg2 23.Rxe3 Rxe3 24.Kxg2 Re2+ 
25.Kg3 Rxc2 26.b3 Kg7 27.h4 h6 28.Kg4 hxg5 29.Kxg5 
f6+ 30.Kf4 Rg2 31.a4 g5+ 32.hxg5 fxg5+ 33.Kf3 Rb2 
34.Kg4 Kg6 35.Rd1 Rxb3 36.Rd6+ Kf7 37.Kxg5 Ke7 
38.Rd4 Ke6 39.Kf4 a5 40.Rd8 Rb4+ 41.Kg5 Rxa4 
42.Rb8 Rb4 43.Rh8 a4 44.Rh6+ Ke5 45.Kg6 a3 46.Rh5+ 
Ke6 47.Rh1 a2 48.Re1+ Kd5 49.Rd1+ Kc4 50.Rc1+ Kd3 
51.Ra1 Rb2 52.Kf6 b5 53.Ke5 b4 54.Kd5 Rc2 55.Rd1+ 
Ke2 56.Ra1 b3 57.Kd4 Kd2 58.Ke4 
Rc1 0-1

[Event "HCL-B3550"]
[Site "www.playchess.de"]
[Date "2006.03.05"]
[Round "2"]
[White "Concrete_Pluto"]
[Black "ppadala"]
[WhiteElo "1148"]
[BlackElo "1202"]
[PlyCount "124"]
[Result "0-1"]

1.d4 Nf6 2.e4 Nxe4 3.f3 Nf6 4.Nc3 e6 5.Bd3 d5 
6.Nh3 c5 7.Be3 b6 8.O-O Bd6 9.a3 cxd4 10.Bxd4 e5 
11.Bf2 Bxh3 12.gxh3 Qd7 13.Bb5 Nc6 14.Nxd5 Nxd5 
15.Qxd5 Rc8 16.Rad1 Ke7 17.Bh4+ f6 18.f4 Rhd8 
19.Bc4 Rdf8 20.b4 h6 21.fxe5 Nxe5 22.Bb5 Qe6 
23.Qb7+ Rc7 24.Qd5 Qxd5 25.Rxd5 Rxc2 26.Rf2 Rc1+ 
27.Kg2 Ra1 28.Rfd2 Rd8 29.Bf2 Rxa3 30.Be2 Rb3 
31.b5 Bc7 32.h4 Rxd5 33.Rxd5 Ke6 34.Rd1 Rb2 35.Kf1 
Ng6 36.Bc4+ Ke7 37.Re1+ Kf8 38.Bg3 Bd8 39.Bd6+ Be7 
40.Bxe7+ Nxe7 41.Re2 Rb4 42.Rc2 Nf5 43.Kf2 Nxh4 
44.Kg3 Nf5+ 45.Kf4 Nd6 46.Ke3 Nxc4+ 47.Kd3 Ne5+ 
48.Kc3 Rxb5 49.Kd4 a5 50.Rc8+ Kf7 51.Rc7+ Kg6 
52.Ra7 Nc6+ 53.Kc4 Nxa7 54.h3 a4 55.h4 a3 56.h5+ 
Kxh5 57.Kd4 a2 58.Kc4 a1Q 59.Kd3 Qa4 60.Kc3 Rb3+ 
61.Kc2 Qa2+ 62.Kd1 Rb1+ 0-1

[Event "HCL-E1556"]
[Site "www.playchess.de"]
[Date "2006.03.05"]
[Round "19"]
[White "treebeard"]
[Black "Bauarbeiter"]
[WhiteElo "1608"]
[BlackElo "1767"]
[PlyCount "74"]
[Result "0-1"]

1.e4 {Hello and good game}  c5 {Hi. Good luck for 
you too.}  2.Nf3 d6 3.d4 cxd4 4.Nxd4 Nf6 5.Nc3 Nc6 
6.Bb5 Bd7 7.O-O a6 8.Bc4 b5 9.Bb3 Na5 10.Bg5 Nxb3 
11.Nxb3 e6 12.a3 h6 13.Bh4 Be7 14.Bg3 Bc6 15.e5 
dxe5 16.Bxe5 O-O 17.Nd4 Bb7 18.Rc1 Nd5 19.Nce2 f6 
20.Bg3 Qb6 21.c4 bxc4 22.Rxc4 e5 23.Nf5 Rfd8 
24.Nxe7+ Nxe7 25.Qb1 Rd2 26.Rb4 Qc6 27.Rxb7 Qxb7 
28.Nc3 Rxb2 29.Qe1 Rb3 30.Qa1 Rc8 31.Nd1 Rb1 
32.Qa2+ Kh8 33.Ne3 Rcc1 34.h3 Nf5 35.Rxc1 Rxc1+ 
36.Kh2 Nxe3 37.fxe3 Qb1 0-1

[Event "HCL-A2604"]
[Site "www.playchess.de"]
[Date "2006.03.05"]
[Round "6"]
[White "wbaldan"]
[Black "Sobral"]
[WhiteElo "1690"]
[BlackElo "1438"]
[PlyCount "127"]
[Result "1/2-1/2"]

1.c4 Nf6 2.Nc3 e5 3.Nf3 Nc6 4.a3 e4 5.Ng5 Qe7 6.d3 
exd3 7.Qxd3 Ne5 8.Qc2 d6 9.f4 Ned7 10.g3 g6 11.Bg2 
Bg7 12.O-O O-O 13.Bd2 h6 14.Nh3 Nc5 15.Nf2 Re8 
16.Rae1 Bf5 17.Qd1 Be4 18.Nfxe4 Nfxe4 19.Nd5 Qd8 
20.b4 Nd7 21.Bxe4 Rxe4 22.Qc2 f5 23.Nc3 Re7 24.e4 
fxe4 25.Rxe4 Nf8 26.Rfe1 Rxe4 27.Qxe4 c6 
{(offering draw)}  28.f5 Qf6 29.fxg6 Qe5 
{(offering draw)}  30.Qd3 Qd4+ 31.Qxd4 Bxd4+ 
32.Kg2 Be5 33.Rxe5 dxe5 34.Bxh6 Nxg6 35.Be3 a6 
36.Kf3 Kf7 37.h4 Ke6 38.h5 Rf8+ 39.Kg2 Nh8 40.g4 
Rd8 41.Ne4 b5 42.Nc5+ Kf6 {(offering draw)}  
43.g5+ Kf5 44.cxb5 axb5 45.Kf3 Ra8 {(offering 
draw)}  46.Bc1 Rd8 47.g6 Nxg6 48.hxg6 Kxg6 
{(offering draw)}  49.Ke4 Rd4+ 50.Ke3 Kf5 51.Bb2 
Rd5 52.Ne4 Rd1 53.Nc3 Rd8 {(offering draw)}  54.a4 
bxa4 55.Nxa4 e4 56.Nc5 Rd1 57.Ke2 Rd8 58.Nb3 Ke6 
59.Nc5+ Kd5 60.Bc3 Rb8 61.Ke3 Rf8 62.Bd2 Rf3+ 
63.Ke2 Rf7 64.Ke3 {(offering draw)} 
 1/2-1/2

[Event "HCL-A2632"]
[Site "www.playchess.de"]
[Date "2006.03.05"]
[Round "3"]
[White "vevivi"]
[Black "redstar"]
[WhiteElo "1833"]
[BlackElo "1666"]
[PlyCount "51"]
[Result "1-0"]

1.e4 {Hello, good game!}  c5 {Thanks, same to 
you.}  2.Nf3 e6 3.d3 Nc6 4.g3 d6 5.Bg2 Be7 6.O-O 
Nf6 7.c3 O-O 8.Nbd2 Qc7 9.h3 a6 10.Nh2 b5 11.f4 d5 
12.Ng4 dxe4 13.Nxf6+ Bxf6 14.Nxe4 Be7 15.Be3 Na5 
16.Nf6+ Bxf6 17.Bxa8 e5 18.Be4 h6 19.Qh5 Bb7 
20.Bxb7 Nxb7 21.fxe5 Bxe5 22.Bf4 Bxf4 23.Rxf4 Qe7 
24.Raf1 Qe3+ 25.Kg2 Qe2+ 26.Qxe2 1-0

[Event "HCL-E1519"]
[Site "www.playchess.de"]
[Date "2006.03.05"]
[Round "11"]
[White "Glomp"]
[Black "PLAYCHESS1963"]
[WhiteElo "1605"]
[BlackElo "1761"]
[PlyCount "68"]
[Result "0-1"]

1.e4 c5 2.Nc3 Nc6 3.Nge2 Nf6 4.d4 cxd4 5.Nxd4 d6 
6.Bg5 e6 7.Qd2 Be7 8.O-O-O a6 9.f4 Qc7 10.Bxf6 
gxf6 11.g3 b5 12.Kb1 Bb7 13.Bg2 Na5 14.Rhe1 Nc4 
15.Qd3 Rc8 16.Re2 Qa5 17.Nb3 Qb4 18.e5 Bxg2 
19.Rxg2 d5 20.a3 Nxa3+ 21.bxa3 Qxc3 22.Qxc3 Rxc3 
23.Kb2 Re3 24.Rd3 Re1 25.Nd4 fxe5 26.fxe5 Rxe5 
27.Rc3 O-O 28.Rf2 f5 29.Kb3 Re4 30.Nc6 Bf6 31.Rd3 
Rc8 32.Nb4 a5 33.Na6 Be5 34.Rfd2 
Rc6 0-1

[Event "HCL-M896"]
[Site "www.playchess.de"]
[Date "2006.03.05"]
[Round "1"]
[White "Tapiwa"]
[Black "anne_t"]
[WhiteElo "1972"]
[BlackElo "1980"]
[PlyCount "44"]
[Result "1/2-1/2"]

1.e4 e5 2.Nf3 Nc6 3.Bb5 a6 4.Ba4 Nf6 5.O-O Be7 
6.Re1 b5 7.Bb3 O-O 8.Nc3 d6 9.a4 b4 10.Nd5 Na5 
11.Nxb4 Rb8 12.Nd5 Nxb3 13.Nxe7+ Qxe7 14.cxb3 c5 
15.d3 Bg4 16.Ra3 h6 17.h3 Bh5 18.Re3 Qe6 19.Qc2 
Rfd8 20.Nh4 d5 21.g4 Bg6 22.Nxg6 fxg6 {(offering 
draw)}  1/2-1/2

[Event "HCL-C4199"]
[Site "www.playchess.de"]
[Date "2006.03.05"]
[Round "1"]
[White "Bense"]
[Black "Thrustnicely"]
[WhiteElo "1147"]
[BlackElo "975"]
[PlyCount "69"]
[Result "0-1"]

1.e4 e5 2.d3 c5 3.Nf3 f6 4.Nc3 Ne7 5.Ne2 b5 6.c3 
{Now is the chance to pick up your rating. This 
other guy has a supurb rating in only 4 games. 
However he has beaten 1 apponent who I have played 
quite a lot and he is good!}  g5 {you seem to be 
getting bogged down  - time for a attack perhaps 
?}  7.d4 {Try it sucker!}  Ng6 {MMnmmmm - not what 
i'd hoped for - i had a look at our french freind  
he's done innesa, nichju, cg. & aussie - not such 
good news for us ...}  8.b3 {Well I`ve done nichju 
and I beat him at chess. Never met the others. 
Thinking about, it I may have been whipped by 
aussie.}  cxd4 9.cxd4 Bb4+ 10.Bd2 a5 11.Bxb4 axb4 
12.Qd2 Qe7 13.Rc1 {The frog sucked me into the 
pond! it was dirty!}  O-O {looked nasty - so many 
bits left !!}  14.g3 Bb7 15.d5 Qd6 16.h4 {Fat 
chops hey!}  h6 17.g4 Na6 18.Ng3 Ne7 19.hxg5 hxg5 
{this looks iffy but i just beat Nicjuci or 
someone like that !!}  20.Bxb5 {You must of got 
lucky!}  Nc5 21.Kf1 Ra5 22.Qxb4 Rxb5 23.Qc3 Qa6 
{so you saw old thrusts plan eh - i bet it hurt - 
maybe next time after a  few more beers.}  24.Qe3 
{You found a lucky escape and yes it hurt, you so 
nearly died! A very good come back!}  Rxb3+ {fcuk 
me !! either i'm in danger of having a killer move 
or you've had toooo many beers !!!!}  25.Qe2 Rxf3 
{i hear your daughter made it into the big league 
- you might want to get a DNA check !!}  26.Rc4 
Rc8 27.Kg2 Rd3 28.Rc2 Rxg3+ 29.Kxg3 Qxe2 30.Rxe2 
d6 31.Rh6 Kg7 32.Rh5 Nd3 33.Rd2 Rc3 34.f3 Ne1 
35.Rdh2 0-1

[Event "HCL-B3842"]
[Site "www.playchess.de"]
[Date "2006.03.05"]
[Round "7"]
[White "Bense"]
[Black "littleman"]
[WhiteElo "1097"]
[BlackElo "1200"]
[PlyCount "47"]
[Result "1-0"]

1.e4 d5 2.d3 dxe4 3.dxe4 Qxd1+ 4.Kxd1 e6 5.f3 a6 
6.Ne2 h6 7.Bf4 Bd6 8.Nbc3 Bxf4 9.Nxf4 Nf6 10.Bd3 
O-O 11.e5 Nfd7 12.Ne4 Nxe5 13.Re1 Nbc6 14.Re3 Nxd3 
15.Rxd3 b6 16.Ke1 Ne5 17.Rc3 Ra7 18.Rd1 c5 19.Rd6 
Rb7 20.Nd3 Nxd3+ 21.Rcxd3 Rb8 22.g4 c4 23.R3d4 b5 
24.g5 1-0

[Event "ACL-M085"]
[Site "www.playchess.de"]
[Date "2006.03.05"]
[Round "2"]
[White "Lukos"]
[Black "Beezer"]
[WhiteElo "2133"]
[BlackElo "1973"]
[PlyCount "64"]
[Result "0-1"]

1.d4 {Hello.}  Nf6 {Hello again - We haven't 
played for a long time!}  2.c4 {I remember :-)}  
e6 3.Nc3 Bb4 4.f3 O-O 5.e4 d5 6.cxd5 exd5 7.e5 
Nfd7 8.f4 c5 9.Nf3 cxd4 10.a3 Bxc3+ 11.bxc3 dxc3 
12.Be3 Qa5 13.Qb3 Nc6 14.Rc1 Re8 15.Bb5 Nb6 16.O-O 
Bd7 17.Bd3 Rac8 18.Bf2 Qa4 19.Rxc3 Qxf4 20.Bxb6 
axb6 21.Qxd5 Be6 22.Qe4 Qxe4 23.Bxe4 Nxe5 24.Rxc8 
Bxc8 25.Rc1 Nd7 26.Rc7 Nc5 27.Ng5 h6 28.Bd5 Be6 
29.Nxe6 fxe6 30.Bxb7 Rd8 31.Bf3 Rd3 32.h4 
Rxa3 0-1

[Event "HCL-C4098"]
[Site "www.playchess.de"]
[Date "2006.03.05"]
[Round "16"]
[White "Thrustnicely"]
[Black "valpa"]
[WhiteElo "970"]
[BlackElo "1085"]
[PlyCount "64"]
[Result "0-1"]

1.d4 d5 2.e3 Nf6 3.a4 Nc6 4.Bb5 Bd7 5.Bxc6 Bxc6 
6.f3 e6 7.c3 Bd6 8.g3 e5 9.Qe2 O-O 10.h4 exd4 
11.cxd4 Bxg3+ 12.Kf1 Bd6 13.b3 Nh5 14.Qg2 Ng3+ 
15.Kf2 Nxh1+ 16.Qxh1 Bd7 17.f4 c6 18.Bd2 Qf6 
19.Bc3 Rfe8 20.Ra2 Qe7 21.Re2 Bg4 22.Nf3 Bxf3 
23.Qxf3 Qxh4+ 24.Kg2 Qe7 25.Qg3 g6 26.b4 Qe4+ 
27.Kh3 Qxb1 28.Rb2 Qf5+ 29.Kg2 Qe4+ 30.Kf2 Qd3 
31.e4 Qxe4 32.Qe3 Qxe3+ 0-1